|
|
|
|
| LEADER |
00000nam a22000007a 4500 |
| 005 |
20220202215511.0 |
| 007 |
cr|||| |||| |
| 008 |
220202s2020 es |||||s|||| 00||0 spa d |
| 020 |
|
|
|a 978-84-1381-154-3
|
| 035 |
|
|
|a 35707
|
| 040 |
|
|
|a vLex
|
| 090 |
|
|
|c 12905
|d 12905
|
| 245 |
0 |
0 |
|a Actas de Derecho Industrial y Derecho de Autor (2019-2020)
|h [Recurso electrn̤ico] /
|n Tomo XL
|
| 256 |
|
|
|a Servicio en ln̕ea
|
| 260 |
|
|
|a Madrid:
|b Marcial Pons,
|c 2020
|
| 300 |
|
|
|a 1 recurso electrn̤ico
|
| 490 |
|
0 |
|a Actas de Derecho Industrial y Derecho de Autor
|
| 506 |
1 |
|
|a Disponible solo en los productos indicados
|d vLex Global
|d vLex Global (Academic Edition, excluding Law Schools)
|d vLex Global (U.S. Academic Edition, Law Schools)
|d vLex Global (U.S. Academic Edition, excluding Law Schools)
|d vLex Global (Academic Edition, Law Schools)
|
| 650 |
0 |
4 |
|a Derecho Mercantil y de la Empresa
|z Espaą
|
| 650 |
0 |
4 |
|a Propiedad Industrial
|z Espaą
|
| 650 |
0 |
4 |
|a Propiedad Intelectual
|z Espaą
|
| 740 |
0 |
|
|a vLex Libros (Servicio en ln̕ea)
|
| 856 |
4 |
0 |
|u https://app.vlex.com/#/sources/35707
|z Acceso restringido
|
| 942 |
|
|
|c BOOK
|
| 999 |
0 |
|
|a Commercial and Company Law
|
| 999 |
0 |
|
|a Industrial Property
|
| 999 |
0 |
|
|a Intellectual Property
|